Tân giáo trình Hán Ngữ

Gespeichert in:
Bibliographische Detailangaben
1. Verfasser: Đại học Bắc Kinh
Format: Buch
Sprache:Undetermined
Veröffentlicht: Tp HCM ĐHQG 2001
Schlagworte:
Tags: Tag hinzufügen
Keine Tags, Fügen Sie den ersten Tag hinzu!
Thư viện lưu trữ: Trung tâm Học liệu Trường Đại học Cần Thơ
LEADER 00497nam a2200181Ia 4500
001 CTU_47639
008 210402s9999 xx 000 0 und d
082 |a 495.1 
082 |b Đ103 
100 |a Đại học Bắc Kinh 
245 0 |a Tân giáo trình Hán Ngữ 
245 0 |c Đại học Bắc Kinh 
260 |a Tp HCM 
260 |b ĐHQG 
260 |c 2001 
650 |a chinese language 
650 |x study and teaching 
980 |a Trung tâm Học liệu Trường Đại học Cần Thơ